Music Quiz

Random Music or Lyrics Quiz

Follow That Lyric: Beatles Quiz Stats

 Plays Quiz Updated Sep 17, 2015

Challenge
Share
Tweet
Embed
Score 0/24 Timer 05:00
7 Plays Today
% Correct
Take a sad song and make it better
97.9%
Mother Mary comes to me
96.6%
And I say go go go, oh no
95.6%
There's a shadow hanging over me
92.6%
Where do they all come from?
92.5%
And I do appreciate you being round
92%
Right now over me
90.8%
Nothing you can sing that can't be sung
85.3%
Take these broken wings and learn to fly
83.5%
It's such a feeling that my love... I can't hide
83.2%
Nothing is real and nothing to get hung about
82.9%
And let me know that you're mine
80.8%
% Correct
Wonder how you manage to feed the rest
79.9%
You don't know how lucky you are boy
77.3%
And the band begins to play
75%
I don't want to leave her now
72.9%
And in the evening she's a singer with the band
70.6%
The little children laugh at him behind his back
69.1%
And he never seems to notice
65.4%
Corporation tee shirt, stupid bloody Tuesday
64.9%
And you're gone
62.9%
Changing my life with the wave of her hand
59.5%
I'd love to turn you on
58.6%
Jai Guru Deva OM
58.2%

You're not logged in!

Compare scores with friends on all Sporcle quizzes.
Join for Free
OR
Log In

You Might Also Like...

Show Comments

Extras

Top Quizzes Today


Score Distribution

Your Account Isn't Verified!

In order to create a playlist on Sporcle, you need to verify the email address you used during registration. Go to your Sporcle Settings to finish the process.

Report this User

Report this user for behavior that violates our Community Guidelines.

Details: